000 00346nam a2200145Ia 4500
003 LK-CoDNM
008 010623t1906 xxu||||| |||| 00| 1 eng d
040 _aLK-CoDNM
_dLK-CoDNM
_eLK-CoDNM
041 _aeng
080 _a50
_bC9
245 _aThe Monthly Review
260 _bMessenger Press
_aColombo
_c1906
300 _b14P., 20 cm
942 _cBK
999 _c86275
_d86275